Most common USA city names - Statistics

General Stats
  • This quiz has been taken 87 times
  • The average score is 3 of 10
Answer Stats
Amount Answer % Correct
41 Springfield
87%
88 Washington
71%
24 Madison
37%
35 Franklin
27%
30 Greenville
24%
26 Salem
17%
23 Georgetown
13%
29 Clinton
9%
29 Bristol
3%
27 Fairview
1%
No matching quizzes found
Score Distribution
Percent of People with Each Score
Percentile by Number Answered
Your Score History
You have not taken this quiz